000 00527nam a22001817a 4500
005 20260305103904.0
008 260305b |||||||| |||| 00| 0 eng d
020 _a9781119704560 (pbk)
040 _cPK-LaUMT
082 _a612
_bTOR-P
100 _aTortora, Gerard J.
_99613
245 _aPrinciples of anatomy & physiology /
_cby Gerard J. Tortora and Bryan Derrickson
250 _a16th ed.
260 _aHoboken :
_bJohn Wiley,
_c2021
300 _a1200 p.
650 _aHuman physiology-Textbooks
_99614
942 _cBK
999 _c139981
_d139981